Contemporary essay : (Record no. 105803)

MARC details
000 -LEADER
fixed length control field 00790nam a22002297a 4500
005 - DATE AND TIME OF LATEST TRANSACTION
control field 20170804160524.0
010 ## - LCCN (DPL NO)
LC control number ENG-117043
020 ## - INTERNATIONAL STANDARD BOOK NUMBER
International Standard Book Number 9789352604340
Terms of availability 250.00
035 ## - SYSTEM CONTROL NUMBER
System control number EN-100575
035 ## - SYSTEM CONTROL NUMBER
System control number B-664555
037 ## - SOURCE OF ACQUISITION
Source of stock number/acquisition DBAD/PUB
037 ## - SOURCE OF ACQUISITION
Source of stock number/acquisition BSB/Ven.
Stock number dpl
082 ## - DEWEY DECIMAL CLASSIFICATION NUMBER
Classification number 808.84
100 ## - MAIN ENTRY--PERSONAL NAME
Personal name Ramesh Singh
245 ## - TITLE STATEMENT
Title Contemporary essay :
Remainder of title for civil services examination /
250 ## - EDITION STATEMENT
Edition statement 2nd ed
260 ## - PUBLICATION, DISTRIBUTION, ETC. (IMPRINT)
Place of publication, distribution, etc Noida
Name of publisher, distributor, etc Mcgraw Hill Education
Date of publication, distribution, etc 2017
270 ## - ADDRESS
Address B-4,Sector-63,Distt.Gautam Nagar
City Noida
Postal code 201301
300 ## - PHYSICAL DESCRIPTION
Extent xvi,266p.
Dimensions 23cm(pbk)
942 ## - ADDED ENTRY ELEMENTS (KOHA)
Source of classification or shelving scheme Dewey Decimal Classification
Item type English Books
Classification part 808.84
Call number suffix RAM
Holdings
Withdrawn status Lost status Not for loan Collection code Home library Current library Date acquired Source of acquisition Cost, normal purchase price Full call number Barcode Copy number Cost, replacement price Koha item type
      Non-fiction Ashok Vihar Ashok Vihar 04/08/2017 BPPD/EN/2013-14/AV/2016-17/15.2.2017/IN502/28.2.2017/ 6.3.2017 250.00 808.84 RAM B-664555 1 250.00 English Books
      Non-fiction Shahdara Branch Shahdara Branch 09/01/2017 DBAD/PUB 250.00 808.84 RAM EN-100575 1 250.00 English Books

© Delhi Public Library
Hit Counter
free hit counter